| 000 | 00000nam##2200000za#4500 |
| 001 | 9.670080 |
| 003 | CaOODSP |
| 005 | 20210615125245 |
| 007 | ta |
| 008 | 150407|2008||||xxc||||| f|0| 0 fre|d |
| 020 | |a978-0-662-05674-4 |
| 040 | |aCaOODSP|bfre |
| 041 | |aeng |
| 041 | |afre |
| 043 | |an-cn--- |
| 086 | 1 |aH128-1/08-535 |
| 110 | 1 |aCanada. |bSanté Canada.|bDirection générale de la santé environnementale et de la sécurité des consommateurs. |
| 245 | 10|aPorte-bébés et porte-bébés en bandoulière |
| 260 | |aOttawa - Ontario : |bSanté Canada. |cc2008. |
| 300 | |aTexte français, [1]p. : |bill. en couleur ; |c28 cm. |
| 563 | |aDépliant |
| 590 | |a08-27|b2008-07-04 |
| 776 | 0#|tPorte-bébés et porte-bébés en bandoulière |w(CaOODSP)9.643640 |
| 776 | 0#|tBaby slings and carriers |w(CaOODSP)9.699664 |
| 791 | |tBaby slings and carriers |eeng|w(CaOODSP)9.670079 |
| 986 | |aPub: 4518 |